1380 1763 1882 1845 1307 1233 1515 1138 1933 1489 1792 1254 1091 1765 1412 1941 1897 1683 1210 1066 1328 1370 1416 1627 1934 1764 1036 1853 1784 1096 1737 1989 1739 1410 1198 1467 1776 1371 1346 1542 1113 1005 1323 1277 1475 1302 1410 1845 1962 1099 1731 1687 1404 1699 1055 1030 1546 1318 1894 1975 1970 1581 1567 1529 1680 1688 1194 1919 1432 1348 1859 1656 1413 1273 1569 1676 1524 1918 1682 1619 1075 1773 1681 1868 1309 1600 1594 1571 1229 1314 1092 1337 1246 1707 1702 1289 1632 1046 1754 BCNSPRNW ULIB Ver.6.0+V

เปลี่ยนเป็นภาษาไทย

Change to English
 แสดงรายละเอียดบรรณานุกรม
  กลับหน้าหลัก

Brief Record : Get Marc (ISO 2709) : E-mail record : QR code < ปิดหน้าต่าง
LEADER : 00000nam 2200000uu 4500
001    13399121092
003     ULIB
008    110627s1999||||th 000 0 eng d
020    0439064864
090    นว.^bR884H ล.4
100 0  Rowling J.K.
245 00 Harry potter and the Chamber of Secrets/^cRowling J.K.
250    พิมพ์ครั้งที่ 1
260    New York :^bA.A. Levine Books,^c1999
300    341 หน้า
710 1  A.A. Levine Books
945    ^p0^l0^i021841
995    ทศพร
999 ^a ใช้งานได้ทุกระบบ
รายการนี้ยังไม่มีแท็ก
คุณยังไม่ได้ล็อกอิน คุณสามารถมีกิจกรรมร่วมกับเว็บไซต์ได้ แต่ต้องล็อกอินก่อน ::
  ล็อกอิน

รายการสื่อสารสนเทศ

ลำดับที่ ประเภท เลขเรียก/บาร์โค้ด สถานที่ สถานะ
1. วิทยาศาสตร์การแพทย์ และสุขภาพ
วิทยาศาสตร์การแพทย์ และสุขภาพ
นว. R884H ล.4 C.1 
  Barcode: 021841
ห้องสมุดวิทยาเขตสวรรค์ประชารักษ์
►หนังสือทั่วไป
บนชั้น

รายการใกล้เคียง
    ผู้แต่ง [Rowling J.K.]

BibComment


ยังไม่เคยถูกคอมเมนท์

คอมเมนท์ทรัพยากรรายการนี้
  คอมเมนท์: Harry potter and ..


 Copyright 2026. Bcnsprnw @Library